000 00857nam a2200277 a 4500
001 BRL_1481
005 20190320211228.0
008 230114s1999----mx-ao#####---#000-0#spa-#
020 _a968835354X
041 _aspa
044 _amx
050 4 _aGT1748.M6
_b.S26 1999
100 1 _aSánchez Hernández, Carlos Alfonso
_927051
245 1 0 _aMáscaras y danzas tradicionales
_cCarlos Alfonso Sánchez Hernández.
250 _a2a ed.
260 _aMéxico
_bUNAM
_c1999
300 _a112 p.
_bil.
_c21 cm.
440 0 _aCuadernos de Cultura Universitaria
_v4
_927052
500 _aAu1748
_bBibliografía: p. 109-112
650 1 4 _aMáscaras
_zMéxico
_94284
650 1 4 _aDanzas populares y nacionales mexicanas
_926948
650 1 4 _aFestivales
_zMéxico
_927053
651 4 _aMéxico
_xVida social y costumbres
_9769
902 _aGRL
942 _2lcc
_cB
999 _c10291
_d10291